Termomechanika a prúdenie u elektr. spojoch

Saved in:
Bibliographic Details
Main Author: Wittlinger, Viktor, 1937- (Author)
Format: Book
Language:Slovak
Published: Bratislava : SVŠT v Bratislave EF, 1977
Tags: Add Tag
No Tags, Be the first to tag this record!

MARC

LEADER 00000nam a22000003a 4500
001 stu222752
005 20150617230121.8
008 110318s1977------------------------slo-d
040 |a STU  |b slo 
041 0 |a slo 
100 1 |a Wittlinger, Viktor,  |d 1937-  |4 aut  |u M390  |U MTF Materiálovotechnologická fakulta  |T MTF Katedra environmentálneho a bezpečnostného inžinierstva  |X 3600  |U M390  |Y 177  |7 A000003600 
245 1 |a Termomechanika a prúdenie u elektr. spojoch 
260 |a Bratislava :  |b SVŠT v Bratislave EF,  |c 1977 
300 |a 224 s 
996 |b E38714  |c E*38714  |l EE01  |s A  |a 24  |w stu222752_0001